Normal view
MARC view
- Stepanet͡s︡, A. I.
Entry Personal Name
001 - CONTROL NUMBER
- control field: 181969
003 - CONTROL NUMBER IDENTIFIER
- control field: KE-NaSUL
005 - DATE AND TIME OF LATEST TRANSACTION
- control field: 20250825215958.0
008 - FIXED-LENGTH DATA ELEMENTS
- fixed length control field: 250825|| aca||aabn | a|a d
040 ## - CATALOGING SOURCE
- Original cataloging agency: KE-NaSUL
- Transcribing agency: KE-NaSUL
100 ## - HEADING--PERSONAL NAME
- Personal name: Stepanet͡s︡, A. I.
- Fuller form of name: (Aleksandr Ivanovich)
670 ## - SOURCE DATA FOUND
- Source citation: Work cat.: (KE-NaSUL)135070: Stepanet͡s︡, A. I. (Aleksandr Ivanovich), Methods of approximation theory, c2005.